The Colombia Quiz Stats

 Plays Quiz Updated Jul 4, 2018

Also try: The Ecuador Quiz
Challenge
Share
Tweet
Embed
Score 0/48 Timer 08:00
5 Plays Today
Hint Answer % Correct
Flag ColorRed
98.1%
Internet Country Code.co
97.6%
Flag ColorBlue
97.6%
Flag ColorYellow
97.1%
Official LanguageSpanish
96%
CapitalBogotá
93.5%
Largest City (8,064,000)Bogotá
93.5%
Bordering Country (1,790 km)Brazil
92.5%
Nationality (Demonym)Colombian
92.5%
Lowest Point (0 m)Pacific Ocean
91.3%
Ocean Border (1,448 km)Pacific Ocean
91.1%
Bordering Country (2,341 km)Venezuela
91.1%
Bordering Country (1,494 km)Peru
90.9%
Drives on the...Right
90.8%
Continent South America
90.4%
Most Common ReligionRoman Catholic
89.2%
Bordering Country (708 km)Ecuador
88.9%
Most Popular SportFútbol
87.9%
Independence FromSpain
87.5%
Bordering Country (339 km)Panama
84.1%
CurrencyColombian Peso
83.2%
Official NameRepublic of Colombia
77.5%
Largest Importer (Country)United States
76.9%
Largest Exporter (Country)United States
76.9%
Hint Answer % Correct
Largest Mountain RangeAndes Mountains
67.2%
Sea Border (1,760 km)Caribbean Sea
63.5%
2nd Largest City (2,480,000)Medellín
58.8%
Population in Millions (July 2017 est.)47.6
55.2%
Longest RiverAmazon River
53.7%
3rd Largest City (2,383,500)Cali
47.4%
Largest Ethnic GroupMestizo and White
46.8%
PresidentJuan Manuel Santos
34.1%
4th Largest City (1,224,000)Barranquilla
30.5%
National DrinkCoffee
23.8%
International Calling Code+57
20.2%
Vice PresidentRet. Gen. Oscar Adolfo Naranjo
18.2%
Independence Day20 July (1810)
17.1%
National MottoLibertad y Orden
12.5%
National AnthemHimno Nacional de la Republica de Colombia
11.7%
National TreeWax Palm Tree
11.6%
Time ZoneUTC−05:00
10.9%
Highest Point (5,730 m)Pico Cristóbal Colón
10.5%
National SymbolAndean Condor
10.4%
National FlowerCattleya Trianae
10.4%
Sport of Most Olympic MedalsWeightlifting
10.3%
National DishBandeja Paisa
6.6%
Presidential ResidencePalacio de Nariño
5%
National StadiumEstadio Metropolitano Roberto Meléndez
3.8%

You're not logged in!

Compare scores with friends on all Sporcle quizzes.
Join for Free
OR
Log In

You Might Also Like...

Show Comments

Extras

Top Quizzes Today


Score Distribution

Your Account Isn't Verified!

In order to create a playlist on Sporcle, you need to verify the email address you used during registration. Go to your Sporcle Settings to finish the process.

Report this User

Report this user for behavior that violates our Community Guidelines.

Details: